[Event "ROM-ch U10 Girls"]
[Site "Voineasa"]
[Date "2008.04.15"]
[Round "5"]
[White "Doki, Karina Stefania"]
[Black "Joldos, Diana Roxana"]
[Result "0-1"]
[WhiteElo "401"]
[BlackElo "401"]
[PlyCount "89"]
[EventDate "2008.04.08"]
[EventType "swiss"]
[EventRounds "9"]
[EventCountry "ROU"]
[SourceTitle "EXT 2013"]
[Source "ChessBase"]
[SourceDate "2012.11.22"]
[SourceVersion "1"]
[SourceVersionDate "2012.11.22"]
[SourceQuality "1"]

1. e4 e5 2. Nf3 Nc6 3. Bc4 Nf6 4. Ng5 d5 5. exd5 Na5 6. Bb5+ c6 7. dxc6 bxc6 8. Qf3 Bc5 9. 0-0 0-0 10. Nc3 Bg4 11. Qd3 Qxd3 12. cxd3 cxb5 13. Nxb5 Bf5 14. Nc7 Rac8 15. Nb5 Bxd3 16. Re1 Bxb5 17. a3 Nc4 18. d3 Nd6 19. Re2 Bxd3 20. Rxe5 Nc4 21. Re1 Rcd8 22. b4 Bd4 23. Rd1 Bxa1 24. Bf4 Nxa3 25. Bc7 Rd7 26. Ba5 Bc3 27. Nf3 Nc4 28. Rc1 Be4 29. h3 Bb2 30. Rxc4 Rd1+ 31. Kh2 Bd3 32. Rc7 a6 33. Ra7 Ne4 34. Ne5 Nxf2 35. Nd7 Rh1+ 36. Kg3 Ne4+ 37. Kf3 Nd2+ 38. Ke3 Re1+ 39. Kf4 Re4+ 40. Kf5 g6+ 41. Kg5 h6+ 42. Kxh6 Bg7+ 43. Kg5 Kh7 44. Nc5 Bh6+ 45. Kf6 0-1

[Event "ROM-ch U10 Girls"]
[Site "Voineasa"]
[Date "2008.04.13"]
[Round "3"]
[White "Androne, Ana Maria"]
[Black "Doki, Karina Stefania"]
[Result "1-0"]
[WhiteElo "401"]
[BlackElo "401"]
[PlyCount "121"]
[EventDate "2008.04.08"]
[EventType "swiss"]
[EventRounds "9"]
[EventCountry "ROU"]
[SourceTitle "EXT 2013"]
[Source "ChessBase"]
[SourceDate "2012.11.22"]
[SourceVersion "1"]
[SourceVersionDate "2012.11.22"]
[SourceQuality "1"]

1. e4 e5 2. Nf3 Nc6 3. Nc3 Nf6 4. Bc4 d5 5. exd5 e4 6. Ng5 Ne5 7. Ncxe4 Nxe4 8. Nxe4 Bc5 9. Nxc5 0-0 10. d3 b6 11. Ne4 Bg4 12. f3 Bh5 13. g4 Bg6 14. f4 Nd7 15. f5 Ne5 16. fxg6 Nxg6 17. Ng5 Qe8+ 18. Kf1 Ne5 19. d4 Nxc4 20. Qf3 h6 21. Nh3 Nd6 22. g5 Qe4 23. Qxe4 Nxe4 24. gxh6 gxh6 25. Rg1+ Kh7 26. Rg4 f5 27. Rh4 Ng5 28. Bxg5 c5 29. Rxh6+ Kg7 30. Nf4 Kf7 31. Be7 Kxe7 32. Ng6+ Kf7 33. Kg1 Rfe8 34. Rf1 cxd4 35. Rxf5+ Kg7 36. Rfh5 Re1+ 37. Kg2 Re2+ 38. Kh3 Rxc2 39. Ne7 d3 40. Rh7+ Kf6 41. R5h6+ Ke5 42. Re6+ Kd4 43. Rh4+ Kc5 44. b4+ Kb5 45. Rd4 d2 46. Nf5 a5 47. Ne3 axb4 48. Nxc2 Rh8+ 49. Kg2 Rg8+ 50. Kf2 Rf8+ 51. Ke2 Kc5 52. Rc6+ Kb5 53. Kxd2 Rf2+ 54. Kc1 Rxh2 55. Rxb4+ Ka5 56. d6 Rh1+ 57. Kb2 Rh8 58. Rcxb6 Rd8 59. a3 Rc8 60. Nd4 Rf8 61. Nc6# 1-0